logo

Bir Sreshtho Munshi Abdur Rouf Library
Jhenaidah Cadet College

G.R. Studies on John Keats / (Record no. 1915)

MARC details
000 -LEADER
fixed length control field 00599nam a2200229 a 4500
001 - CONTROL NUMBER
JCCL Control Number 1915
003 - CONTROL NUMBER IDENTIFIER
JCCL marc code BD-JhCC
005 - DATE AND TIME OF LATEST TRANSACTION
control field 20171028164201.0
008 - FIXED-LENGTH DATA ELEMENTS--GENERAL INFORMATION
fixed length control field 171026s2004 bg |||| ||a| 000 0 eng d
020 ## - INTERNATIONAL STANDARD BOOK NUMBER
International Standard Book Number 984860200
035 ## - SYSTEM CONTROL NUMBER
system control number (BD-JhCC)1915
040 ## - CATALOGING SOURCE
Original cataloging agency BD-JhCC
Modifying agency BD-JhCC
041 ## - LANGUAGE CODE
Language code of Book eng
082 ## - DEWEY DECIMAL CLASSIFICATION NUMBER
Classification number 821.7
Author mark and Year RAB 2004
100 ## - MAIN ENTRY--PERSONAL NAME
Personal name Rabbani, Golam
245 ## - TITLE STATEMENT
Title G.R. Studies on John Keats /
Statement of responsibility, etc Golam Rabbani
260 ## - PUBLICATION, DISTRIBUTION, ETC. (IMPRINT)
Place of publication, distribution, etc Dhaka :
Name of publisher, distributor, etc Bookman Printers and Punlishers,
Date of publication, distribution, etc 2004.
300 ## - PHYSICAL DESCRIPTION
Pagination 430p. :
Dimensions 22 cm.
600 ## - SUBJECT ADDED ENTRY--PERSONAL NAME
Personal name Keats, John, 1795-1821
Dates associated with a name 1795-1821
942 ## - ADDED ENTRY ELEMENTS (KOHA)
Source of classification or shelving scheme Dewey Decimal Classification
Koha item type Books
Holdings
Source of classification or shelving scheme Damaged status Not for loan Home library Current library Shelving location Date of accession Cost, normal purchase price Total Checkouts Full call number Barcode Date last seen Date checked out Copy number Koha item type
Dewey Decimal Classification     JCC Rouf Library JCC Rouf Library General Stacks 10/26/2017 150.00 1 821.7 RAB 2004 3388 02/27/2024 02/18/2024 C-1 Books

JCC Library | Contacts | JCC Home

Last Update on 23 September 2017
Copyright @ 2017-2020 JCC Rouf Library
Rouf Library, Jhenidah Cadet College (JCC), Bangladesh